Les 10 villes du Royaume-Uni les plus peuplées commençant par M - Statistiques

Statistiques générales
  • Ce quiz a été pris 16 fois
  • Le résultat moyen est 2 sur 10
Statistiques - réponses
# Ville Population % Correct
1 Manchester 395.515
100%
3 Mansfield 171.958
25%
4 Middlesbrough 142.707
19%
2 Milton Keynes 229.941
19%
8 Macclesfield 63.954
13%
7 Maidenhead 64.831
0%
6 Maidstone 107.627
0%
9 Margate 60.134
0%
5 Mendip 110.000
0%
10 Morley 57.385
0%
Aucun quiz correspondant
Distribution des résultats
% des personnes avec chaque résultat
Percentile par nombre de réponses
Votre historique - résultats
Vous n’avez pas pris ce quiz